1446 1741 1811 1550 1330 1993 1961 1509 1758 1580 1744 1452 1105 1936 1774 1337 1486 1616 1915 1576 1391 1666 1005 1621 1429 1518 1000 1298 1806 1531 1877 1800 1947 1660 1580 1106 1804 1324 1947 1573 1145 1548 1061 1251 1080 1447 1650 1319 1662 1458 1214 1213 1336 1828 1482 1658 1492 1773 1051 1421 1806 1088 1115 1053 1386 1019 1076 1618 1770 1696 1846 1880 1559 1892 1676 1743 1181 1939 1237 1073 1504 1223 1325 1994 1286 1347 1042 1470 1879 1213 1674 1036 1786 1151 1968 1648 1317 1051 1712 BCNSPRNW ULIB Ver.6.0+V

เปลี่ยนเป็นภาษาไทย

Change to English
 แสดงรายละเอียดบรรณานุกรม
  กลับหน้าหลัก

Brief Record : Get Marc (ISO 2709) : E-mail record : QR code < ปิดหน้าต่าง
LEADER : 00000nam 2200000uu 4500
001    13399122624
003     ULIB
008    130819s2011||||th 000 0 eng d
020    ^a9780808924234
060 04 ^aQS17^bN474A
100 1  ^aNetter, Frank H.^q(Frank Henry),^d1906-1991.
245 10 ^aAtlas of human anatomy /^cby Frank H. Netter ; John T.Hansen, consulting editor
250    ^a5rd ed.
260    ^aPhiladelphia :^bSaunders Elsevier,^cc2011
300    ^a532 p. of plates, [53] p. :^bcol. ill., port. ;^c29 cm.
650  0 ^aHuman anatomy^vAtlases
650  2 ^aAnatomy^vatlases
700 1  ^aHansen, John T.,^eed.
945    ^p0^l0^i20076
999    ^aทศพร เกษรทอง
รายการนี้ยังไม่มีแท็ก
คุณยังไม่ได้ล็อกอิน คุณสามารถมีกิจกรรมร่วมกับเว็บไซต์ได้ แต่ต้องล็อกอินก่อน ::
  ล็อกอิน

รายการสื่อสารสนเทศ

ลำดับที่ ประเภท เลขเรียก/บาร์โค้ด สถานที่ สถานะ
1. วิทยาศาสตร์การแพทย์ และสุขภาพ
วิทยาศาสตร์การแพทย์ และสุขภาพ
QS17 N474A C.1 
  Barcode: 20076
ห้องสมุดวิทยาเขตสวรรค์ประชารักษ์
►หนังสือทั่วไป
บนชั้น

รายการใกล้เคียง
    หัวเรื่อง [Anatomy atlases]

BibComment


ยังไม่เคยถูกคอมเมนท์

คอมเมนท์ทรัพยากรรายการนี้
  คอมเมนท์: Atlas of human a..


 Copyright 2026. Bcnsprnw @Library